00536nam a2200181 a 450000100060000000300090000600800410001504000280005608200160008411000180010024500860011826000360020430000100024050000190025065000560026994200120032599900170033711163CO-ViMGA141112s2004 ck r 000 u spa d aCO-ViMGAbspacCO-ViMGA04a700.92 G716 aFonade91551010aGrandes poetas, grandes compositores, grandes melodias de la canción Colombiana aColombia, cPubligraficos Ltda. a54 p. aContiene CD. 14aPOETAS - COMPOSITORES - MELODIAS COLOMBIANAS915511 2ddccBK c22376d22376